[Event "Andalucia-ch Seniors"]
[Site "Almeria"]
[Date "2011.04.20"]
[Round "6.1"]
[White "Montecatine Rios, Ricardo"]
[Black "Maldonado Fernandez, Jose"]
[Result "1-0"]
[WhiteElo "2354"]
[BlackElo "1876"]
[PlyCount "45"]
[EventDate "2011.04.17"]
[EventType "swiss"]
[EventRounds "6"]
[EventCountry "ESP"]
[SourceTitle "EXT 2024"]
[Source "ChessBase"]
[SourceDate "2023.10.10"]
[SourceVersion "1"]
[SourceVersionDate "2023.10.10"]
[SourceQuality "1"]

1. d4 Nf6 2. c4 e5 3. dxe5 Ng4 4. Nf3 Bc5 5. e3 Nc6 6. Nc3 Ngxe5 7. Nd4 a5 8. Be2 0-0 9. 0-0 d6 10. Nd5 Nb4 11. Nf4 Bd7 12. b3 c6 13. Bd2 Na6 14. a3 Re8 15. Re1 Nc7 16. Bc3 Ne6 17. Ndxe6 Bxe6 18. b4 axb4 19. axb4 Rxa1 20. Qxa1 Bb6 21. c5 Bc7 22. Rd1 Qg5 23. cxd6 1-0

[Event "Narciso Yepes Memorial"]
[Site "Lorca"]
[Date "2005.??.??"]
[Round "?"]
[White "Baeza Andres, Ruben"]
[Black "Maldonado Fernandez, Jose"]
[Result "1-0"]
[WhiteElo "2146"]
[BlackElo "2021"]
[PlyCount "61"]
[EventDate "2005.07.01"]
[EventType "swiss"]
[EventRounds "9"]
[EventCountry "ESP"]
[SourceTitle "CBM 107 Extra"]
[Source "ChessBase"]
[SourceDate "2005.09.01"]
[SourceVersion "1"]
[SourceVersionDate "2005.09.01"]
[SourceQuality "1"]

1. e4 c5 2. Nf3 d6 3. d4 cxd4 4. Nxd4 Nf6 5. Bd3 a6 6. 0-0 e5 7. Ne2 Be6 8. c4 Be7 9. Nbc3 0-0 10. b3 Nbd7 11. h3 Rc8 12. Bb2 Ne8 13. Ng3 g6 14. Nf5 Ng7 15. Qf3 Nc5 16. Nxg7 Kxg7 17. Bc2 Qe8 18. Qe2 f5 19. exf5 gxf5 20. f4 Bf6 21. Rad1 Rd8 22. b4 Nd7 23. Rxd6 e4 24. c5 Qf7 25. Rfd1 Bc4 26. Qe3 Nb8 27. Rxd8 Rxd8 28. Rxd8 Bxd8 29. Nxe4+ Kf8 30. Nd6 Qe6 31. Qc3 1-0